| 000 | 00465cam a2200193 4500 | ||
|---|---|---|---|
| 001 | D6912 | ||
| 008 | 090401t1976 xxu||||| |||| 00| 0 eng d | ||
| 035 | _a(Sirsi) u3885 | ||
| 041 | _aeng | ||
| 050 | _a624.176 | ||
| 100 | _aMainstone, R.J. | ||
| 245 | _aResponse of buildings to accidental explosions | ||
| 260 |
_aWatford _bBRE _c1976 |
||
| 300 | _a11p. ill. 30cm | ||
| 350 | _a0 | ||
| 490 |
_aBRE Current Paper _v24/76 |
||
| 942 | _n0 | ||
| 948 | _c04/03/1997 | ||
| 999 |
_c85959 _d85959 |
||